000 01062nam a2200277 a 4500
001 000035547
005 20200930074425.0
008 111103s2011 dr 000 0 spa d
020 _a9789945880908
040 _aDO-SdBNP
_bspa
_cBNPHU
082 _a465.5
_bG993d
100 1 _aGuzmán, Roberto E.,
_d1945-
_961442
245 1 0 _aDe palabra en palabra /
_cRoberto E. Guzmán.
260 _aSanto Domingo :
_bFundación Guzmán Ariza Pro Academia Dominicana de la Lengua,
_c2011.
300 _a360 p. ;
_c24 cm.
504 _aBibliografía : p. 355-360
590 _aInventariado, 2018/LP
650 4 _aEspañol
_xAnálisis gramatical
_935093
650 4 _aEspañol
_xEtimología
_93539
650 4 _aEspañol
_xModismos, vicios de dicción, etc.
_919093
650 4 _aDiarios dominicanos
_xSecciones, columnas, etc.
_944
730 0 _aClave Digital (República Dominicana)
_961443
730 0 _aLos Nuevos Tiempos Digital (República Dominicana)
_961444
730 0 _aAcento.com.do (República Dominicana)
_961445
910 _aValidado. Control de calidad EMS
999 _c35038
_d35038